000 00390nam a2200169Ia 4500
008 210210b1938 xxu||||| |||| 00| 0 eng d
041 _aeng
082 _a825/528
100 _aLEWIS (C S)
245 _aAllegory of love
260 _aLondon
_bOxford University Press
_c1938
650 _aof
650 _alove
650 _aAllegory
690 _aEnglish Criticism
906 _a014844
999 _c134068
_d134068